000 00625cam a22002053a 4500
001 39156
003 PGUSA
005 20140828083853.0
008 120315s2012||||xxu|||||s|||||000 | eng d
040 _aPGUSA
_beng
042 _adc
100 1 _aGausseron, Bernard-Marie-Henri,
_d1845-1913
245 1 0 _aLa Vie en Famille :
_bComment Vivre à Deux?
_h[electronic resource] /
_cBernard-Marie-Henri Gausseron
260 _bProject Gutenberg,
_c2012
506 _aPublic domain in the USA.
516 _aElectronic text
830 0 _aProject Gutenberg
_v39156
856 4 0 _uhttp://www.gutenberg.org/ebooks/39156
942 _cEB
999 _c268409
_d268409